[Event "Capablanca mem Premier II"]
[Site "La Habana CUB"]
[Date "2005.05.18"]
[Round "13.2"]
[White "Perez, Orelvis"]
[Black "Estremera Panos, Sergio"]
[Result "1-0"]
[WhiteElo "2439"]
[BlackElo "2385"]
[PlyCount "114"]
[EventDate "2005.05.06"]
[EventType "tourn"]
[EventRounds "1"]
[EventCountry "CUB"]
[EventCategory "8"]
[Source "lmi"]
[SourceDate "2005.05.22"]

1. e4 c5 2. Nf3 d6 3. d4 cxd4 4. Nxd4 Nf6 5. Nc3 Nc6 6. f3 e5 7. Nb3 Be7 8. Be3
O-O 9. Qd2 a5 10. Bb5 Na7 11. Be2 Be6 12. O-O Nc8 13. Nd5 Bxd5 14. exd5 a4 15.
Nc1 Nb6 16. c4 Qc7 17. Qb4 Nfd7 18. Rb1 f5 19. b3 Nc5 20. Qb5 axb3 21. axb3 Ra3
22. Nd3 Nbd7 23. Rfc1 Rfa8 24. Bf1 R3a6 25. Qb4 Rb6 26. Qc3 Ra3 27. Nxc5 Nxc5
28. Ra1 Raxb3 29. Ra8+ Bf8 30. Qe1 Ra6 31. Ra1 Rxa1 32. Rxa1 Qb6 33. Ra8 f4 34.
Bxc5 Qxc5+ 35. Kh1 Qb6 36. c5 Qxc5 37. Qh4 Rb1 38. Rxf8+ Kxf8 39. Qd8+ Kf7 40.
Qd7+ Kg6 41. Qe6+ Kh5 42. Qf5+ Kh6 43. Qxb1 Qxd5 44. Bd3 g6 45. Be4 Qd2 46.
Bxb7 Kg5 47. Qg1 d5 48. g3 Kh6 49. gxf4 exf4 50. Qf1 d4 51. Be4 Kg7 52. Qd3 Qf2
53. Qd1 Kf6 54. Qc1 Kg7 55. Qc7+ Kf8 56. Qxf4+ Kg7 57. Qe5+ Kf8 1-0

[Event "Capablanca mem Premier II"]
[Site "La Habana CUB"]
[Date "2005.05.18"]
[Round "13.3"]
[White "Colovic, Aleksandar"]
[Black "Schilow, Wladimir"]
[Result "1/2-1/2"]
[WhiteElo "2418"]
[BlackElo "2425"]
[PlyCount "35"]
[EventDate "2005.05.06"]
[EventType "tourn"]
[EventRounds "1"]
[EventCountry "CUB"]
[EventCategory "8"]
[Source "lmi"]
[SourceDate "2005.05.22"]

1. e4 e6 2. d4 d5 3. Nc3 Nf6 4. Bg5 dxe4 5. Nxe4 Nbd7 6. Nf3 h6 7. Bh4 c5 8. c3
Be7 9. Nxf6+ Bxf6 10. Bg3 O-O 11. Be2 cxd4 12. Nxd4 Nc5 13. Nb5 e5 14. Nd6 Bd7
15. b4 Na4 16. Qb3 Be6 17. Qxa4 Qxd6 18. O-O 1/2-1/2

[Event "Capablanca mem Premier II"]
[Site "La Habana CUB"]
[Date "2005.05.18"]
[Round "13.4"]
[White "Almeida, Omar"]
[Black "Quezada, Yuniesky"]
[Result "0-1"]
[WhiteElo "2452"]
[BlackElo "2502"]
[PlyCount "66"]
[EventDate "2005.05.06"]
[EventType "tourn"]
[EventRounds "1"]
[EventCountry "CUB"]
[EventCategory "8"]
[Source "lmi"]
[SourceDate "2005.05.22"]

1. d4 Nf6 2. c4 e6 3. Nf3 b6 4. Nc3 Bb4 5. Bg5 Bb7 6. a3 Bxc3+ 7. bxc3 h6 8.
Bxf6 Qxf6 9. a4 Nc6 10. e3 d6 11. Be2 O-O 12. g4 Na5 13. h4 Nxc4 14. g5 Qf5 15.
gxh6 Nb2 16. Qb1 Be4 17. Qxb2 Bxf3 18. Rg1 g6 19. Bxf3 Qxf3 20. Qe2 Qxe2+ 21.
Kxe2 Kh7 22. h5 Rg8 23. Rg5 f6 24. hxg6+ Rxg6 25. Rxg6 Kxg6 26. Rg1+ Kxh6 27.
Kd3 Kh7 28. c4 Rg8 29. Rh1+ Kg6 30. Ke4 f5+ 31. Kf4 Kf6 32. d5 Rg4+ 33. Kf3
exd5 0-1

[Event "Capablanca mem Premier II"]
[Site "La Habana CUB"]
[Date "2005.05.18"]
[Round "13.5"]
[White "Corrales, Fidel"]
[Black "Giaccio, Alfredo"]
[Result "1/2-1/2"]
[WhiteElo "2501"]
[BlackElo "2478"]
[PlyCount "78"]
[EventDate "2005.05.06"]
[EventType "tourn"]
[EventRounds "1"]
[EventCountry "CUB"]
[EventCategory "8"]
[Source "lmi"]
[SourceDate "2005.05.22"]

1. e4 e6 2. d4 d5 3. e5 c5 4. c3 Nc6 5. Nf3 Bd7 6. Be2 Nge7 7. Na3 cxd4 8. cxd4
Nb4 9. O-O Nc8 10. Bd2 Be7 11. Bxb4 Bxb4 12. Qb3 Qb6 13. Qe3 Be7 14. Rab1 O-O
15. Nc2 Bb5 16. Bxb5 Qxb5 17. b3 Nb6 18. Qf4 Qd3 19. Ne3 Qe4 20. Qxe4 dxe4 21.
Nd2 Rfd8 22. Nc2 Rac8 23. Rb2 Nd5 24. Nxe4 Nb4 25. Nxb4 Bxb4 26. Nd6 Bxd6 27.
exd6 Rxd6 28. Rd2 Rd5 29. f4 f6 30. Rfd1 Kf7 31. Kf2 Ra5 32. g3 Ke7 33. Re2 Rc6
34. Ke3 Kd6 35. Rdd2 Rc3+ 36. Rd3 Rc1 37. Ke4 g5 38. Rde3 Rc6 39. Kd3 Ke7
1/2-1/2

[Event "Capablanca mem Premier II"]
[Site "La Habana CUB"]
[Date "2005.05.18"]
[Round "13.6"]
[White "Hernandez, Holden"]
[Black "Hernandez, Roman"]
[Result "1-0"]
[WhiteElo "2446"]
[BlackElo "2367"]
[PlyCount "69"]
[EventDate "2005.05.06"]
[EventType "tourn"]
[EventRounds "1"]
[EventCountry "CUB"]
[EventCategory "8"]
[Source "lmi"]
[SourceDate "2005.05.22"]

1. e4 e5 2. Nf3 d6 3. d4 Nd7 4. Bc4 c6 5. O-O Be7 6. Qe2 Ngf6 7. dxe5 Nxe5 8.
Nxe5 dxe5 9. a4 O-O 10. Rd1 Qa5 11. b3 Bg4 12. f3 Bd7 13. Bb2 Rad8 14. Nd2 Nh5
15. g3 g6 16. Kg2 Bb4 17. Bd3 f6 18. Qe3 Qc5 19. Qe2 Qe7 20. c3 Bc5 21. b4 Bd6
22. Nc4 Bb8 23. Ba3 Qe6 24. b5 Qh3+ 25. Kg1 Rfe8 26. Na5 Bc8 27. Qa2+ Kg7 28.
Bf1 Rxd1 29. Rxd1 Qe6 30. Qxe6 Bxe6 31. Nxb7 cxb5 32. Bxb5 Rc8 33. Nc5 Bf7 34.
Rd7 Kg8 35. Na6 1-0

[Event "Capablanca mem Premier II"]
[Site "La Habana CUB"]
[Date "2005.05.18"]
[Round "13.7"]
[White "Gongora, Maikel"]
[Black "Borges, Juan"]
[Result "1/2-1/2"]
[WhiteElo "2454"]
[BlackElo "2484"]
[PlyCount "21"]
[EventDate "2005.05.06"]
[EventType "tourn"]
[EventRounds "1"]
[EventCountry "CUB"]
[EventCategory "8"]
[Source "lmi"]
[SourceDate "2005.05.22"]

1. d4 d5 2. c4 c6 3. Nc3 Nf6 4. e3 g6 5. Nf3 Bg7 6. cxd5 cxd5 7. Bd3 O-O 8. O-O
Nc6 9. Bd2 Bg4 10. h3 Bxf3 11. Qxf3 1/2-1/2

[Event "Capablanca mem Mixto"]
[Site "La Habana CUB"]
[Date "2005.05.06"]
[Round "1.4"]
[White "Mascaro March, Pedro"]
[Black "Iturrizaga, Eduardo"]
[Result "1-0"]
[WhiteElo "2389"]
[BlackElo "2225"]
[PlyCount "83"]
[EventDate "2005.05.06"]
[EventType "tourn"]
[EventRounds "1"]
[EventCountry "CUB"]
[EventCategory "3"]
[Source "lmi"]
[SourceDate "2005.05.22"]

1. Nf3 c5 2. c4 Nc6 3. Nc3 g6 4. g3 Bg7 5. Bg2 e5 6. O-O Nge7 7. d3 O-O 8. a3
d6 9. Rb1 a5 10. Ne1 Bd7 11. Nc2 a4 12. Ne3 Na5 13. Nxa4 Nxc4 14. dxc4 Bxa4 15.
Qd3 f5 16. Bxb7 Rb8 17. Bd5+ Nxd5 18. Qxd5+ Kh8 19. b4 f4 20. Ng2 Qd7 21. b5 g5
22. Bb2 Rbe8 23. f3 Qh3 24. gxf4 gxf4 25. Rf2 Rf6 26. Ne1 Rg6+ 27. Rg2 Rxg2+
28. Nxg2 Rg8 29. Kh1 Qf5 30. Rc1 Bf8 31. b6 Be7 32. b7 Rb8 33. Rg1 Bd7 34. a4
Bxa4 35. Nh4 Qf6 36. Ra1 Be8 37. Ng2 Qf5 38. e4 fxe3 39. Nxe3 Qg6 40. Rg1 Qf7
41. Bxe5+ dxe5 42. Qxe5+ 1-0

[Event "Capablanca mem Mixto"]
[Site "La Habana CUB"]
[Date "2005.05.08"]
[Round "3.1"]
[White "Leon Hoyos, Manuel"]
[Black "Pazos Gambarrotti, Plinio"]
[Result "1-0"]
[WhiteElo "2376"]
[BlackElo "2421"]
[PlyCount "167"]
[EventDate "2005.05.06"]
[EventType "tourn"]
[EventRounds "1"]
[EventCountry "CUB"]
[EventCategory "3"]
[Source "lmi"]
[SourceDate "2005.05.22"]

1. e4 e6 2. d3 d5 3. Qe2 dxe4 4. dxe4 b6 5. Nf3 Bb7 6. Nc3 Ba6 7. Qd2 Qxd2+ 8.
Bxd2 Bxf1 9. Rxf1 Nc6 10. O-O-O e5 11. Nd5 Rc8 12. Bc3 f6 13. Nh4 Nge7 14. f4
exf4 15. Nxf4 Nd8 16. e5 fxe5 17. Bxe5 Rg8 18. Nf3 g6 19. Ng5 Bg7 20. Bxg7 Rxg7
21. Rxd8+ Rxd8 22. Nfe6 Rg8 23. Nxh7 Rh8 24. Nf6+ Kf7 25. Nxd8+ Rxd8 26. Nd5+
Nf5 27. Nxc7 Kg8 28. Ne6 Rd6 29. Nf4 g5 30. Nd3 Ne3 31. Rf3 Nxg2 32. Rg3 Nh4
33. Rxg5+ Kf8 34. Ne5 Rh6 35. b4 Ke7 36. Ng4 Rh7 37. Re5+ Kd6 38. Re3 Rf7 39.
Rd3+ Kc7 40. Rh3 Ng6 41. Ne3 Nf4 42. Rh4 Kc6 43. Kb2 Ne2 44. Rg4 Nf4 45. Rg5
Rh7 46. Ng4 Kd6 47. Rf5 Ne6 48. Rf6 Rh4 49. Rg6 Ke7 50. a3 Nf4 51. Rg7+ Kf8 52.
Rg5 Ke7 53. Ne3 Rxh2 54. Rg7+ Kd6 55. Rxa7 Re2 56. Nf5+ Kd5 57. Kb3 Ne6 58.
Rd7+ Ke5 59. Nh4 Nd4+ 60. Kc3 Rxc2+ 61. Kd3 Ra2 62. Ng6+ Kf6 63. Rd6+ Ne6 64.
Nf4 Ke5 65. Rxe6+ Kxf4 66. Rxb6 Rxa3+ 67. Kd4 Kf5 68. b5 Rb3 69. Kc5 Rb1 70.
Rb8 Rd1 71. Kc6 Rc1+ 72. Kb7 Ke6 73. Rd8 Ke7 74. Rd2 Ra1 75. b6 Ra3 76. Kc7
Rc3+ 77. Kb8 Ra3 78. b7 Ra1 79. Rd4 Ke6 80. Kc7 Rc1+ 81. Kb6 Rb1+ 82. Kc6 Rb2
83. Re4+ Kf7 84. Re5 1-0

[Event "Capablanca mem Mixto"]
[Site "La Habana CUB"]
[Date "2005.05.08"]
[Round "3.2"]
[White "Arribas, Maritza"]
[Black "Perez, Angel"]
[Result "1-0"]
[WhiteElo "2280"]
[BlackElo "2406"]
[PlyCount "55"]
[EventDate "2005.05.06"]
[EventType "tourn"]
[EventRounds "1"]
[EventCountry "CUB"]
[EventCategory "3"]
[Source "lmi"]
[SourceDate "2005.05.22"]

1. e4 e6 2. d4 d5 3. e5 c5 4. c3 Nc6 5. Nf3 Nge7 6. Bd3 cxd4 7. cxd4 Nf5 8. Be3
Be7 9. Nc3 Nxe3 10. fxe3 f5 11. O-O O-O 12. a3 Bd7 13. Rc1 Be8 14. Na4 Bg5 15.
Re1 Bh5 16. Nc5 Qe7 17. Bb5 Rac8 18. Qd2 Bh6 19. Rc3 Bxf3 20. Bxc6 Bh5 21. Ba4
f4 22. exf4 Bxf4 23. Qd3 Bxh2+ 24. Kxh2 Qh4+ 25. Qh3 Qxe1 26. Bc2 g6 27. Nd3
Qe4 28. Rxc8 1-0

[Event "Capablanca mem Mixto"]
[Site "La Habana CUB"]
[Date "2005.05.08"]
[Round "3.3"]
[White "Mascaro March, Pedro"]
[Black "Hernandez, Tania"]
[Result "1-0"]
[WhiteElo "2389"]
[BlackElo "2227"]
[PlyCount "125"]
[EventDate "2005.05.06"]
[EventType "tourn"]
[EventRounds "1"]
[EventCountry "CUB"]
[EventCategory "3"]
[Source "lmi"]
[SourceDate "2005.05.22"]

1. d4 Nf6 2. c4 c5 3. d5 e6 4. Nc3 exd5 5. cxd5 d6 6. e4 g6 7. Bd3 Bg7 8. h3
O-O 9. Nf3 a6 10. a4 Nbd7 11. O-O Qc7 12. Re1 Re8 13. Bf4 Nh5 14. Bg5 Ne5 15.
Be2 Nxf3+ 16. Bxf3 Nf6 17. e5 Nd7 18. exd6 Rxe1+ 19. Qxe1 Qxd6 20. Qe8+ Qf8 21.
Re1 f6 22. Bf4 Ne5 23. Qxf8+ Bxf8 24. Bxe5 fxe5 25. Rxe5 Bd7 26. d6 Rd8 27.
Bxb7 Bxd6 28. Rd5 Be6 29. Rd1 a5 30. Bd5 Kf7 31. Kf1 Bxd5 32. Rxd5 Ke6 33. Rd2
Rb8 34. Nb5 Be5 35. b3 Rf8 36. Na3 Bc3 37. Rc2 Bb4 38. Nc4 Rd8 39. Ke2 Kf6 40.
Rc1 Re8+ 41. Ne3 Ke6 42. Rd1 Rb8 43. Rd3 Rb7 44. f4 Rf7 45. Kf3 h5 46. Nc4 Kf6
47. Ke4 Kg7 48. Ne5 Rf6 49. g4 hxg4 50. hxg4 Re6 51. Rd7+ Kf8 52. f5 gxf5+ 53.
Kxf5 Rb6 54. Nc4 Ra6 55. g5 Bc3 56. Nd6 Rb6 57. Nb5 Bb4 58. g6 Be1 59. Nc7 Rxb3
60. g7+ Kg8 61. Ne6 Rg3 62. Rd8+ Kh7 63. Rh8# 1-0

[Event "Capablanca mem Mixto"]
[Site "La Habana CUB"]
[Date "2005.05.08"]
[Round "3.4"]
[White "Frois, Antonio"]
[Black "Pina, Sulennis"]
[Result "1/2-1/2"]
[WhiteElo "2356"]
[BlackElo "2330"]
[PlyCount "30"]
[EventDate "2005.05.06"]
[EventType "tourn"]
[EventRounds "1"]
[EventCountry "CUB"]
[EventCategory "3"]
[Source "lmi"]
[SourceDate "2005.05.22"]

1. Nf3 Nf6 2. c4 d6 3. d4 g6 4. Nc3 Bg7 5. Bg5 Nbd7 6. e3 c6 7. Be2 O-O 8. h3
e5 9. O-O Qe8 10. dxe5 dxe5 11. Qd6 Kh8 12. Qc7 Qe6 13. Bxf6 Bxf6 14. Ne4 Bd8
15. Qd6 Qxd6 1/2-1/2

[Event "Capablanca mem Mixto"]
[Site "La Habana CUB"]
[Date "2005.05.08"]
[Round "3.5"]
[White "Ordaz Valdes, Lisandra"]
[Black "Iturrizaga, Eduardo"]
[Result "1/2-1/2"]
[WhiteElo "2252"]
[BlackElo "2225"]
[PlyCount "159"]
[EventDate "2005.05.06"]
[EventType "tourn"]
[EventRounds "1"]
[EventCountry "CUB"]
[EventCategory "3"]
[Source "lmi"]
[SourceDate "2005.05.22"]

1. d4 Nf6 2. c4 c5 3. d5 b5 4. cxb5 a6 5. bxa6 Bxa6 6. Nc3 d6 7. g3 g6 8. Bg2
Bg7 9. Nf3 O-O 10. O-O Nbd7 11. Re1 Qa5 12. e4 Ng4 13. Bf4 Rfb8 14. Rb1 Nge5
15. Nxe5 Nxe5 16. Bxe5 Bxe5 17. Bf1 Rxb2 18. Rxb2 Bxc3 19. Bxa6 Bxb2 20. Bc4
Qc3 21. Qe2 Ra4 22. Bb3 Rd4 23. Rd1 Rxd1+ 24. Bxd1 c4 25. Bc2 Ba3 26. Kg2 Bc5
27. Ba4 Qb4 28. Bc2 e6 29. dxe6 fxe6 30. Qg4 Kf7 31. Qf4+ Ke7 32. Qh6 Qb2 33.
Qd2 Qxa2 34. Qc3 Kf7 35. h4 h5 36. Qf3+ Ke7 37. Qc3 e5 38. Qd2 Qb2 39. Qg5+ Kf7
40. Qd2 Qd4 41. Qe2 Ke7 42. Ba4 c3 43. Bc2 Kd8 44. Bd3 Kc7 45. Kf3 Kb6 46. Kg2
Kc7 47. Kf3 Qb4 48. Kg2 Qb2 49. Bc2 Qc1 50. Ba4 Qb2 51. Bc2 Kb6 52. Qd3 Ka5 53.
Kf3 Kb4 54. Ke2 Qc1 55. Bd1 Bd4 56. f4 Qb2+ 57. Bc2 Qa1 58. Bd1 Qa2+ 59. Bc2
Qe6 60. f5 gxf5 61. exf5 Qd5 62. Qe4 Qc4+ 63. Qd3 Qc6 64. Qf3 d5 65. Qd3 Qb6
66. Qd1 Qa6+ 67. Qd3 Qxd3+ 68. Kxd3 Bf2 69. f6 e4+ 70. Ke2 Bxg3 71. f7 Bd6 72.
Ke3 Kc4 73. Bb1 Bc5+ 74. Kf4 e3 75. f8=Q Bxf8 76. Kxe3 Kb3 77. Kd4 Kb2 78. Bg6
Bg7+ 79. Kxd5 Kc1 80. Bxh5 1/2-1/2

[Event "Capablanca mem Mixto"]
[Site "La Habana CUB"]
[Date "2005.05.08"]
[Round "3.6"]
[White "Marrero, Yaniet"]
[Black "Ramon, Vivian"]
[Result "1/2-1/2"]
[WhiteElo "2291"]
[BlackElo "2198"]
[PlyCount "64"]
[EventDate "2005.05.06"]
[EventType "tourn"]
[EventRounds "1"]
[EventCountry "CUB"]
[EventCategory "3"]
[Source "lmi"]
[SourceDate "2005.05.22"]

1. e4 d5 2. exd5 Qxd5 3. Nf3 Nf6 4. Be2 c6 5. O-O Bg4 6. d4 e6 7. c4 Qd8 8. Be3
Bd6 9. h3 Bxf3 10. Bxf3 O-O 11. Qb3 Qb6 12. Nc3 Qxb3 13. axb3 a6 14. g4 h6 15.
h4 Nbd7 16. g5 hxg5 17. hxg5 Nh7 18. Ne4 Be7 19. Bg4 g6 20. Kg2 Rfd8 21. Rh1
Ndf8 22. Rh3 f5 23. gxf6 Nxf6 24. Bf3 Nxe4 25. Bxe4 Bf6 26. Rd1 Rd7 27. Rg3 Kg7
28. d5 cxd5 29. cxd5 exd5 30. Rxd5 Rad8 31. Rxd7+ Rxd7 32. f4 Kf7 1/2-1/2

[Event "Capablanca mem Mixto"]
[Site "La Habana CUB"]
[Date "2005.05.09"]
[Round "4.1"]
[White "Pazos Gambarrotti, Plinio"]
[Black "Ramon, Vivian"]
[Result "1-0"]
[WhiteElo "2421"]
[BlackElo "2198"]
[PlyCount "97"]
[EventDate "2005.05.06"]
[EventType "tourn"]
[EventRounds "1"]
[EventCountry "CUB"]
[EventCategory "3"]
[Source "lmi"]
[SourceDate "2005.05.22"]

1. e4 e5 2. Nf3 Nc6 3. d4 exd4 4. Bc4 Nf6 5. O-O Nxe4 6. Re1 d5 7. Bxd5 Qxd5 8.
Nc3 Qh5 9. Nxe4 Be6 10. Bg5 Be7 11. Bxe7 Kxe7 12. Nxd4 Qd5 13. Nxe6 Qxd1 14.
Raxd1 fxe6 15. Nc5 Rad8 16. Rxe6+ Kf7 17. Ree1 Rhe8 18. Kf1 Rxe1+ 19. Kxe1 Re8+
20. Kf1 b6 21. Rd7+ Re7 22. Rxe7+ Kxe7 23. Nd3 Ke6 24. Ke2 Nd4+ 25. Kd2 c5 26.
c3 Nf5 27. g4 Nd6 28. Ke3 g5 29. b3 Nb5 30. Kd2 Nd6 31. f3 Kd5 32. Ke3 h6 33.
f4 gxf4+ 34. Nxf4+ Ke5 35. Nd3+ Kf6 36. h4 Nb5 37. c4 Nd4 38. Ke4 Ne2 39. Kd5
Nc3+ 40. Kc6 Nxa2 41. Kb7 b5 42. cxb5 Nc3 43. Kc6 Ke6 44. Kxc5 Kd7 45. Ne5+ Ke6
46. Nc6 Ne4+ 47. Kd4 Nd2 48. Kd3 Nxb3 49. Nd4+ 1-0

[Event "Capablanca mem Mixto"]
[Site "La Habana CUB"]
[Date "2005.05.09"]
[Round "4.2"]
[White "Iturrizaga, Eduardo"]
[Black "Marrero, Yaniet"]
[Result "1/2-1/2"]
[WhiteElo "2225"]
[BlackElo "2291"]
[PlyCount "94"]
[EventDate "2005.05.06"]
[EventType "tourn"]
[EventRounds "1"]
[EventCountry "CUB"]
[EventCategory "3"]
[Source "lmi"]
[SourceDate "2005.05.22"]

1. d4 d5 2. c4 c6 3. Nc3 Nf6 4. e3 g6 5. Nf3 Bg7 6. Be2 O-O 7. O-O a6 8. a4 b6
9. Qb3 Bb7 10. Ne5 e6 11. Rd1 Nbd7 12. f4 Qe7 13. Bf3 Rab8 14. Qc2 Rfd8 15. b3
c5 16. Ba3 Qe8 17. a5 Rdc8 18. axb6 dxc4 19. Bxb7 cxb3 20. Qxb3 Rxb7 21. dxc5
Nxc5 22. Bxc5 Rxc5 23. Rxa6 Qc8 24. Nb5 Rb8 25. Nc7 Nd5 26. Nxd5 exd5 27. Ra7
Bxe5 28. fxe5 Rc1 29. Rxc1 Qxc1+ 30. Kf2 Qc5 31. Ra6 d4 32. Ra7 dxe3+ 33. Ke2
Rf8 34. Qxe3 Qc2+ 35. Kf3 Qc6+ 36. Kg3 Rb8 37. Qb3 Qe8 38. Ra5 Qd8 39. Rb5 Qg5+
40. Kf3 Qf5+ 41. Ke3 Qg5+ 42. Kf3 Qf5+ 43. Ke2 Qe4+ 44. Qe3 Qxg2+ 45. Qf2 Qe4+
46. Qe3 Qg2+ 47. Qf2 Qe4+ 1/2-1/2

[Event "Capablanca mem Mixto"]
[Site "La Habana CUB"]
[Date "2005.05.09"]
[Round "4.3"]
[White "Pina, Sulennis"]
[Black "Ordaz Valdes, Lisandra"]
[Result "1-0"]
[WhiteElo "2330"]
[BlackElo "2252"]
[PlyCount "93"]
[EventDate "2005.05.06"]
[EventType "tourn"]
[EventRounds "1"]
[EventCountry "CUB"]
[EventCategory "3"]
[Source "lmi"]
[SourceDate "2005.05.22"]

1. Nc3 d5 2. e4 Nf6 3. e5 d4 4. Nce2 Ng4 5. f4 e6 6. Nf3 Bc5 7. d3 h5 8. h3 Nh6
9. Ng3 h4 10. Ne4 Be7 11. Be2 O-O 12. O-O Nf5 13. Qe1 c5 14. Nfg5 g6 15. Bg4
Kg7 16. Bxf5 exf5 17. Nd2 Nc6 18. Ndf3 Nb4 19. Qxh4 Rh8 20. Qf2 Be6 21. a3 Nd5
22. Bd2 Re8 23. c3 dxc3 24. bxc3 c4 25. d4 b5 26. Rfb1 a6 27. Ne1 Qd7 28. Ngf3
Rab8 29. Nc2 a5 30. Nh2 Rb7 31. Nf1 Rc8 32. Nfe3 b4 33. Nxd5 Bxd5 34. axb4 Be4
35. Rc1 Bxc2 36. Rxc2 axb4 37. cxb4 Bxb4 38. Bxb4 Rxb4 39. Rd1 Qd5 40. Qf3 Qa5
41. d5 Rb3 42. Qf2 Rd8 43. d6 c3 44. Qd4 Kh6 45. Kh2 Rd7 46. Rd3 Rb4 47. Qxc3
1-0

[Event "Capablanca mem Mixto"]
[Site "La Habana CUB"]
[Date "2005.05.09"]
[Round "4.4"]
[White "Hernandez, Tania"]
[Black "Frois, Antonio"]
[Result "1/2-1/2"]
[WhiteElo "2227"]
[BlackElo "2356"]
[PlyCount "72"]
[EventDate "2005.05.06"]
[EventType "tourn"]
[EventRounds "1"]
[EventCountry "CUB"]
[EventCategory "3"]
[Source "lmi"]
[SourceDate "2005.05.22"]

1. e4 c5 2. d4 cxd4 3. c3 d3 4. c4 Nc6 5. Bxd3 d6 6. h3 g6 7. Nf3 Bg7 8. O-O
Nf6 9. Nc3 O-O 10. Qe2 Bd7 11. Bg5 h6 12. Bf4 Re8 13. a3 Be6 14. Rfd1 Nd7 15.
Rac1 Nde5 16. Nxe5 dxe5 17. Be3 Nd4 18. Qf1 Rc8 19. b4 a5 20. c5 axb4 21. axb4
b6 22. Ba6 bxc5 23. Bxc8 Qxc8 24. Nd5 Bxd5 25. exd5 Qb7 26. bxc5 Qxd5 27. c6
Rc8 28. c7 Qb7 29. Qc4 h5 30. Bxd4 exd4 31. Rxd4 Bxd4 32. Qxd4 e6 33. Qd7 Kg7
34. Kh2 Kg8 35. f4 Kg7 36. Rc3 Qb4 1/2-1/2

[Event "Capablanca mem Mixto"]
[Site "La Habana CUB"]
[Date "2005.05.09"]
[Round "4.5"]
[White "Perez, Angel"]
[Black "Mascaro March, Pedro"]
[Result "1/2-1/2"]
[WhiteElo "2406"]
[BlackElo "2389"]
[PlyCount "73"]
[EventDate "2005.05.06"]
[EventType "tourn"]
[EventRounds "1"]
[EventCountry "CUB"]
[EventCategory "3"]
[Source "lmi"]
[SourceDate "2005.05.22"]

1. e4 d6 2. d4 Nf6 3. Nc3 g6 4. f4 Bg7 5. Nf3 O-O 6. Bd3 Nc6 7. O-O Bg4 8. e5
Nd7 9. Be3 Nb4 10. Be4 c6 11. a3 Na6 12. Qe1 Nc7 13. Bd3 f6 14. Qh4 Be6 15.
Rae1 dxe5 16. fxe5 Nb6 17. Ne4 Bc4 18. Bxc4+ Nxc4 19. exf6 exf6 20. Bh6 Nd6 21.
Nxd6 Qxd6 22. Bd2 Rfe8 23. Rxe8+ Rxe8 24. Re1 Rxe1+ 25. Qxe1 f5 26. Qh4 Nd5 27.
c4 Nf6 28. Bf4 Qd7 29. Be5 Ng4 30. Bxg7 Kxg7 31. Qe1 Qd6 32. h3 Nf6 33. Qe3 Ne4
34. Nd2 Nf6 35. b4 f4 36. Qd3 a6 37. Ne4 1/2-1/2

[Event "Capablanca mem Mixto"]
[Site "La Habana CUB"]
[Date "2005.05.09"]
[Round "4.6"]
[White "Leon Hoyos, Manuel"]
[Black "Arribas, Maritza"]
[Result "1/2-1/2"]
[WhiteElo "2376"]
[BlackElo "2280"]
[PlyCount "52"]
[EventDate "2005.05.06"]
[EventType "tourn"]
[EventRounds "1"]
[EventCountry "CUB"]
[EventCategory "3"]
[Source "lmi"]
[SourceDate "2005.05.22"]

1. g3 e5 2. Bg2 d5 3. d3 Nf6 4. Nf3 Nc6 5. O-O Be7 6. c3 O-O 7. Qc2 h6 8. e4
dxe4 9. dxe4 Bg4 10. h3 Be6 11. Nh4 Bc5 12. b4 Bb6 13. a4 a5 14. b5 Ne7 15. Ba3
Re8 16. Nd2 c6 17. bxc6 bxc6 18. Rab1 Nd7 19. Rfd1 Qc7 20. Nb3 Qa7 21. Nf5 Nc5
22. c4 Ng6 23. Nd6 Reb8 24. Nd2 Nd7 25. Nb3 Nc5 26. Nd2 Nd7 1/2-1/2

[Event "Capablanca mem Mixto"]
[Site "La Habana CUB"]
[Date "2005.05.10"]
[Round "5.2"]
[White "Mascaro March, Pedro"]
[Black "Leon Hoyos, Manuel"]
[Result "1/2-1/2"]
[WhiteElo "2389"]
[BlackElo "2376"]
[PlyCount "53"]
[EventDate "2005.05.06"]
[EventType "tourn"]
[EventRounds "1"]
[EventCountry "CUB"]
[EventCategory "3"]
[Source "lmi"]
[SourceDate "2005.05.22"]

1. d4 g6 2. c4 Bg7 3. Nf3 c5 4. d5 f5 5. g3 Nf6 6. Bg2 d6 7. Nc3 O-O 8. O-O Na6
9. Rb1 Nc7 10. a3 Rb8 11. b4 cxb4 12. axb4 e5 13. dxe6 Bxe6 14. Qd3 d5 15. c5
Ne4 16. Bb2 d4 17. Nd1 Nc3 18. Ra1 N7b5 19. Bxc3 Nxc3 20. e3 dxe3 21. Qxe3 Ne4
22. Rxa7 Bc4 23. Re1 Re8 24. Qc1 Bf7 25. Bf1 Qd5 26. Ne3 Qb3 27. c6 1/2-1/2

[Event "Capablanca mem Mixto"]
[Site "La Habana CUB"]
[Date "2005.05.10"]
[Round "5.3"]
[White "Frois, Antonio"]
[Black "Perez, Angel"]
[Result "1/2-1/2"]
[WhiteElo "2356"]
[BlackElo "2406"]
[PlyCount "50"]
[EventDate "2005.05.06"]
[EventType "tourn"]
[EventRounds "1"]
[EventCountry "CUB"]
[EventCategory "3"]
[Source "lmi"]
[SourceDate "2005.05.22"]

1. e4 e6 2. d4 d5 3. Nd2 Nf6 4. e5 Nfd7 5. Bd3 c5 6. c3 Nc6 7. Ne2 cxd4 8. cxd4
f6 9. exf6 Nxf6 10. O-O Bd6 11. Nf3 O-O 12. Nc3 Bd7 13. Bg5 Qb6 14. a3 Kh8 15.
Bc2 Be8 16. Re1 Bh5 17. Rxe6 Bxf3 18. gxf3 Qxb2 19. Na4 Qxc2 20. Qxc2 Nxd4 21.
Qd3 Nxe6 22. Bxf6 Rxf6 23. Qxd5 Nf4 24. Qxb7 Re8 25. Nc3 Be5 1/2-1/2

[Event "Capablanca mem Mixto"]
[Site "La Habana CUB"]
[Date "2005.05.10"]
[Round "5.4"]
[White "Ordaz Valdes, Lisandra"]
[Black "Hernandez, Tania"]
[Result "1-0"]
[WhiteElo "2252"]
[BlackElo "2227"]
[PlyCount "81"]
[EventDate "2005.05.06"]
[EventType "tourn"]
[EventRounds "1"]
[EventCountry "CUB"]
[EventCategory "3"]
[Source "lmi"]
[SourceDate "2005.05.22"]

1. d4 Nf6 2. c4 c5 3. d5 e6 4. Nc3 exd5 5. cxd5 d6 6. Nf3 g6 7. h3 Bg7 8. e4
O-O 9. Bd3 b5 10. Nxb5 Re8 11. Nd2 Ba6 12. O-O c4 13. Bxc4 Nxe4 14. Nxe4 Rxe4
15. Qc2 f5 16. Bd3 Bxb5 17. Bxb5 Nd7 18. Bc6 Rb8 19. Rb1 Ne5 20. b3 Rc8 21. Be3
Qh4 22. Rfe1 Rc7 23. Rbd1 g5 24. f3 Qg3 25. Qf2 Qxf2+ 26. Kxf2 Rb4 27. Bxg5
Nxc6 28. dxc6 Rxc6 29. Re2 Bd4+ 30. Be3 Bxe3+ 31. Kxe3 Kf7 32. Rd5 Kf6 33. Red2
Ke6 34. g3 Rb7 35. g4 fxg4 36. hxg4 Rf7 37. f4 h6 38. f5+ Ke7 39. Kf4 Rf6 40.
Ra5 a6 41. Rd4 1-0

[Event "Capablanca mem Mixto"]
[Site "La Habana CUB"]
[Date "2005.05.10"]
[Round "5.5"]
[White "Marrero, Yaniet"]
[Black "Pina, Sulennis"]
[Result "1/2-1/2"]
[WhiteElo "2291"]
[BlackElo "2330"]
[PlyCount "79"]
[EventDate "2005.05.06"]
[EventType "tourn"]
[EventRounds "1"]
[EventCountry "CUB"]
[EventCategory "3"]
[Source "lmi"]
[SourceDate "2005.05.22"]

1. e4 c5 2. Nf3 a6 3. c3 d6 4. d4 Nd7 5. Be2 e6 6. O-O Ngf6 7. Nbd2 Be7 8. Re1
Qc7 9. Bd3 b5 10. b3 b4 11. Bb2 bxc3 12. Bxc3 cxd4 13. Bxd4 Nc5 14. Rc1 e5 15.
Bxc5 dxc5 16. Nc4 Nd7 17. Ne3 O-O 18. Nd5 Qd6 19. Bc4 Bb7 20. Nxe7+ Qxe7 21.
Bd5 Bxd5 22. Qxd5 Rfd8 23. Red1 a5 24. Qd6 Kf8 25. Kf1 Qxd6 26. Rxd6 Ke7 27.
Rd5 f6 28. Ne1 a4 29. Nd3 axb3 30. axb3 Ra3 31. Rc3 Rc8 32. Ke2 c4 33. Rxc4
Rxc4 34. bxc4 Nb6 35. Rb5 Nxc4 36. Rb7+ Kd6 37. Rxg7 Ra2+ 38. Ke1 Ra1+ 39. Ke2
Ra2+ 40. Ke1 1/2-1/2